| 000 | 00372nam a2200145 a 4500 | ||
|---|---|---|---|
| 001 | 3770 | ||
| 003 | CDMR | ||
| 005 | 20130314154527.0 | ||
| 008 | 130130s1993||||||||||||||||||||||||||||d | ||
| 040 |
_aCDMR _bcat _cCDMR |
||
| 245 | 0 | 0 |
_aWorld Press Photo 1993 _b: testigo ocular |
| 260 |
_aMadrid _c1993 _bOmnicón |
||
| 710 | 2 |
_93022 _aWorld Press Photo Fundation |
|
| 942 |
_cMON _2udc |
||
| 999 |
_c3770 _d3770 |
||